| 000 | 00000nas##2200000za#4500 |
|---|---|
| 001 | 9.501189 |
| 003 | CaOODSP |
| 005 | 20200325083341 |
| 007 | cr ||||||||||| |
| 008 | 150406c2004||||xxc|| m o||||f| |0fre|d |
| 040 | |aCaOODSP|bfre |
| 043 | |an-cn--- |
| 086 | 1 |aEn49-18F-PDF |
| 110 | 1 |aCanada. |bEnvironnement Canada. |bService de la protection de l'environnement. |
| 245 | 10|aSérie de la protection de l'environnement. [Transports] |h[ressource électronique] |
| 260 | |aOttawa - Ontario : |bEnvironnement Canada. |
| 775 | 08|tEnvironmental Protection series. [Transportation systems] |w(CaOODSP)9.504782 |